005930000a2200085000450024500340000030000330003452003870006765000110045477300420046510aTendencias de empleo juvenil. ano.23 ( mar.,2011), p. 41-52 aLa situación que caracteriza el paso de la juventud a la adultez es la participación en el mercado laboral ya sea trabajando o buscando trabajo; sin duda por lo que los jóvenes se esfuerzan es por la posibilidad de acceder a un trabajo digno y productivo. El énfasis en los jóvenes que se ha dado a nivel internacional ha permitido comprender mejor sus mercados laborales.14aEMPLEO0 tObservar: informe de coyuntura social